[Event "Bodenmais Arber Seniors op 10th"]
[Site "Bodenmais"]
[Date "2023.08.12"]
[Round "8"]
[White "Scheuerer, Werner"]
[Black "Kievelitz, Bernd"]
[Result "1/2-1/2"]
[WhiteElo "1750"]
[BlackElo "1792"]
[PlyCount "102"]
[EventDate "2023.08.05"]
[EventType "swiss"]
[EventRounds "9"]
[EventCountry "GER"]
[SourceTitle "EXT 2024"]
[Source "ChessBase"]
[SourceDate "2023.10.10"]
[SourceVersion "1"]
[SourceVersionDate "2023.10.10"]
[SourceQuality "1"]

1. f4 d5 2. Nf3 g6 3. e3 Bg7 4. d4 Nf6 5. c4 e6 6. Nc3 0-0 7. Be2 b6 8. 0-0 Bb7 9. Rb1 dxc4 10. Bxc4 Nbd7 11. b3 Ne4 12. Nxe4 Bxe4 13. Bd3 Bxd3 14. Qxd3 c5 15. Ba3 Re8 16. dxc5 Nxc5 17. Qxd8 Raxd8 18. Bxc5 bxc5 19. Rbc1 Rd3 20. Rxc5 Rxe3 21. Rc7 a5 22. Rd1 Bf6 23. Ra7 Re4 24. g3 Rc8 25. Rxa5 Re2 26. Re1 Rxe1+ 27. Nxe1 Bc3 28. Re5 Bxe5 29. fxe5 Rc1 30. Kf2 Ra1 31. Nd3 Rxa2+ 32. Ke3 Rxh2 33. b4 Rh1 34. Kd4 h5 35. Nf2 Rg1 36. Ne4 Kg7 37. b5 g5 38. Nxg5 Rxg3 39. b6 Rb3 40. Kc5 Kg6 41. Ne4 h4 42. Nd6 Rxb6 43. Kxb6 h3 44. Ne4 Kf5 45. Nf2 h2 46. Kc5 Kf4 47. Kd4 Kf3 48. Nh1 Kg2 49. Ke3 Kh3 50. Kf3 Kh4 51. Nf2 Kg5 1/2-1/2

[Event "Prague Summer op-B 7th"]
[Site "Prague"]
[Date "2020.08.09"]
[Round "3"]
[White "Kievelitz, Bernd"]
[Black "Licka, Denis"]
[Result "1-0"]
[WhiteElo "1848"]
[BlackElo "1545"]
[PlyCount "83"]
[EventDate "2020.08.08"]
[EventType "swiss"]
[EventRounds "9"]
[EventCountry "CZE"]
[SourceTitle "EXT 2021"]
[Source "ChessBase"]
[SourceDate "2020.10.23"]
[SourceVersion "1"]
[SourceVersionDate "2020.10.23"]
[SourceQuality "1"]

1. Nf3 Nf6 2. c4 e6 3. Nc3 Bb4 4. Qc2 b6 5. a3 Bxc3 6. Qxc3 Bb7 7. d3 0-0 8. Bg5 d6 9. e4 Nbd7 10. Be2 h6 11. Be3 Ng4 12. 0-0 Nxe3 13. fxe3 c5 14. b4 d5 15. exd5 exd5 16. cxd5 Bxd5 17. e4 Bb7 18. b5 Re8 19. Nd2 Ne5 20. Nc4 Nxc4 21. Qxc4 Qd4+ 22. Qxd4 cxd4 23. Rac1 Rac8 24. Bg4 Rc3 25. Rxc3 dxc3 26. Rc1 Bc8 27. Bxc8 Rxc8 28. Rc2 Kf8 29. Kf2 Ke7 30. d4 Ke6 31. Ke3 f5 32. exf5+ Kd5 33. Kd3 Rc4 34. Rxc3 Rxd4+ 35. Ke3 Re4+ 36. Kf3 Rc4 37. Rxc4 Kxc4 38. g4 Kxb5 39. h4 Kc5 40. g5 hxg5 41. h5 Kd5 42. f6 1-0

[Event "Prague Summer op-B 7th"]
[Site "Prague"]
[Date "2020.08.08"]
[Round "1"]
[White "Sedlacek, Pavel"]
[Black "Kievelitz, Bernd"]
[Result "1/2-1/2"]
[WhiteElo "1513"]
[BlackElo "1848"]
[PlyCount "93"]
[EventDate "2020.08.08"]
[EventType "swiss"]
[EventRounds "9"]
[EventCountry "CZE"]
[SourceTitle "EXT 2021"]
[Source "ChessBase"]
[SourceDate "2020.10.23"]
[SourceVersion "1"]
[SourceVersionDate "2020.10.23"]
[SourceQuality "1"]

1. e4 c5 2. Nf3 e6 3. d4 cxd4 4. Nxd4 a6 5. Nc3 b5 6. f3 Qc7 7. Be2 Nf6 8. Be3 Bb4 9. Qd2 Bb7 10. a3 Be7 11. Bd3 Nc6 12. Nxc6 Bxc6 13. Ne2 0-0 14. Nd4 Bb7 15. Bg5 d5 16. exd5 Bxd5 17. c3 Rfd8 18. Bxf6 Bxf6 19. Qc2 g6 20. Rd1 Rac8 21. Be4 Qb6 22. Qf2 Bc4 23. Rd2 Rd6 24. Nc2 Qxf2+ 25. Rxf2 Rcd8 26. Ne3 Bb3 27. 0-0 Rd2 28. Rxd2 Rxd2 29. Rf2 Rd6 30. Bc2 Bxc2 31. Rxc2 Bd8 32. c4 Rd3 33. Kf2 Bg5 34. Nf1 bxc4 35. Rxc4 Rb3 36. Rc2 Bf6 37. Nd2 Rxb2 38. Rxb2 Bxb2 39. Nc4 Bc1 40. a4 f5 41. Ke2 Bf4 42. h3 Bc7 43. Ke3 e5 44. g4 Kf7 45. Kd3 Ke6 46. Ne3 Bb6 47. Nc4 1/2-1/2

[Event "Berlin Lichtenrade op 15th"]
[Site "Berlin"]
[Date "2019.10.14"]
[Round "3"]
[White "Kievelitz, Bernd"]
[Black "Miettinen, Teemu"]
[Result "1/2-1/2"]
[WhiteElo "1744"]
[BlackElo "2032"]
[PlyCount "68"]
[EventDate "2019.10.12"]
[EventType "swiss"]
[EventRounds "9"]
[EventCountry "GER"]
[SourceTitle "CBM 195 Extra"]
[Source "ChessBase"]
[SourceDate "2020.05.31"]
[SourceVersion "1"]
[SourceVersionDate "2020.05.31"]
[SourceQuality "1"]

1. Nf3 Nf6 2. c4 g6 3. Nc3 Bg7 4. e4 d6 5. d4 0-0 6. h3 c5 7. d5 e6 8. Be2 Na6 9. 0-0 e5 10. Bg5 h6 11. Be3 Qe7 12. Qd2 Kh7 13. Nh2 Nc7 14. g4 Nfe8 15. f3 a6 16. a4 Bd7 17. Kg2 Rb8 18. Ra2 Rg8 19. b3 f5 20. Bf2 f4 21. Rb1 a5 22. Nb5 Bxb5 23. cxb5 b6 24. Rg1 Bf6 25. Qe1 Ng7 26. Nf1 h5 27. Nd2 Rh8 28. Nc4 Kg8 29. Ra1 Kf7 30. Qd2 Nce8 31. Rh1 Bh4 32. Qe1 Bxf2 33. Qxf2 Nf6 34. Bd3 Nd7 1/2-1/2

[Event "Berlin Lichtenberger op 18th"]
[Site "Berlin"]
[Date "2019.08.23"]
[Round "7"]
[White "Kievelitz, Bernd"]
[Black "Reck, Jessica"]
[Result "0-1"]
[WhiteElo "1850"]
[BlackElo "1649"]
[PlyCount "56"]
[EventDate "2019.08.17"]
[EventType "swiss"]
[EventRounds "9"]
[EventCountry "GER"]
[SourceTitle "EXT 2020"]
[Source "ChessBase"]
[SourceDate "2019.10.17"]
[SourceVersion "1"]
[SourceVersionDate "2019.10.17"]
[SourceQuality "1"]

1. Nf3 b6 2. g3 Bb7 3. Bg2 e6 4. 0-0 f5 5. d3 Nf6 6. Nc3 Be7 7. e4 fxe4 8. Ng5 0-0 9. Ngxe4 Nc6 10. Bg5 Nxe4 11. Bxe7 Nxc3 12. Bxd8 Nxd1 13. Bxc7 Nxb2 14. Rab1 Na4 15. Bd6 Rfc8 16. c4 Nd8 17. Rfc1 Bxg2 18. Kxg2 Nf7 19. Bf4 Nc5 20. d4 Nd3 21. Rc3 Nxf4+ 22. gxf4 Rc6 23. c5 Kf8 24. a4 bxc5 25. dxc5 Rac8 26. Rb7 R8c7 27. Rb8+ Ke7 28. Rh3 Nh6 0-1

[Event "NZL-ch Major op"]
[Site "Auckland"]
[Date "2019.01.22"]
[Round "9"]
[White "Kievelitz, Bernd"]
[Black "Yee, Stanley"]
[Result "1-0"]
[WhiteElo "1835"]
[BlackElo "1910"]
[PlyCount "93"]
[EventDate "2019.01.14"]
[EventType "swiss"]
[EventRounds "9"]
[EventCountry "NZL"]
[SourceTitle "CBM 189 Extra"]
[Source "ChessBase"]
[SourceDate "2019.06.03"]
[SourceVersion "1"]
[SourceVersionDate "2019.06.03"]
[SourceQuality "1"]

1. Nf3 Nf6 2. c4 e6 3. g3 b6 4. Bg2 Bb7 5. 0-0 c5 6. Nc3 d5 7. cxd5 exd5 8. d4 Be7 9. Bf4 0-0 10. Ne5 Nbd7 11. Qa4 Nxe5 12. dxe5 Ne8 13. Rfd1 Nc7 14. Nxd5 Nxd5 15. Bxd5 Bxd5 16. e4 Bb3 17. Qxb3 Qc8 18. Rd5 Qe6 19. Rad1 Rfc8 20. Be3 a6 21. f4 b5 22. f5 Qc6 23. Qd3 c4 24. Qd4 b4 25. Rd7 Bf8 26. Qd5 c3 27. Qxc6 Rxc6 28. bxc3 bxc3 29. Rc1 c2 30. e6 fxe6 31. fxe6 Re8 32. Rd2 Rec8 33. Bg5 h6 34. e7 hxg5 35. Rd8 Rxd8 36. exd8Q Rd6 37. Qxd6 Bxd6 38. Rxc2 a5 39. a4 Kf7 40. Kf2 Ke6 41. Rc6 Ke5 42. Rxd6 Kxd6 43. Ke3 Ke5 44. Kd3 g4 45. Ke3 g6 46. Kd3 g5 47. Ke3 1-0

[Event "NZL-ch Major op"]
[Site "Auckland"]
[Date "2019.01.19"]
[Round "6"]
[White "Lovejoy, David W"]
[Black "Kievelitz, Bernd"]
[Result "1/2-1/2"]
[WhiteElo "1888"]
[BlackElo "1835"]
[PlyCount "90"]
[EventDate "2019.01.14"]
[EventType "swiss"]
[EventRounds "9"]
[EventCountry "NZL"]
[SourceTitle "CBM 189 Extra"]
[Source "ChessBase"]
[SourceDate "2019.06.03"]
[SourceVersion "1"]
[SourceVersionDate "2019.06.03"]
[SourceQuality "1"]

1. e4 c5 2. Nf3 e6 3. d3 d6 4. g3 Qc7 5. Bg2 Nf6 6. 0-0 Nc6 7. Nbd2 Be7 8. Nc4 0-0 9. Ne3 d5 10. exd5 exd5 11. Re1 d4 12. Nc4 Be6 13. Bf4 Qd8 14. Nfe5 Nd5 15. Nxc6 bxc6 16. Bd2 Bf6 17. Be4 Qd7 18. Qe2 Nb6 19. Bf4 Nxc4 20. dxc4 g6 21. Rad1 Rac8 22. b3 Rfe8 23. Bf3 Bg7 24. Qd3 Bf5 25. Be4 Bxe4 26. Rxe4 Rxe4 27. Qxe4 Re8 28. Qd3 Re6 29. Kg2 Qe7 30. h4 f5 31. Bd2 Re4 32. Qf3 Qe6 33. Kf1 h5 34. Re1 Kf7 35. Rxe4 Qxe4 36. Qxe4 fxe4 37. Bf4 Ke6 38. Bb8 a6 39. a3 Kf5 40. Ba7 Bf8 41. Bb8 g5 42. hxg5 Kxg5 43. Ke2 Kf5 44. Bc7 Be7 45. Bb8 Bf8 1/2-1/2

[Event "NZL-ch Major op"]
[Site "Auckland"]
[Date "2019.01.16"]
[Round "3"]
[White "Ha, Huy Minh"]
[Black "Kievelitz, Bernd"]
[Result "0-1"]
[WhiteElo "1682"]
[BlackElo "1835"]
[PlyCount "126"]
[EventDate "2019.01.14"]
[EventType "swiss"]
[EventRounds "9"]
[EventCountry "NZL"]
[SourceTitle "CBM 189 Extra"]
[Source "ChessBase"]
[SourceDate "2019.06.03"]
[SourceVersion "1"]
[SourceVersionDate "2019.06.03"]
[SourceQuality "1"]

1. Nf3 Nf6 2. g3 b6 3. Bg2 Bb7 4. 0-0 g6 5. c4 c5 6. d3 Bg7 7. e4 0-0 8. Nc3 d6 9. Rb1 e6 10. Re1 a6 11. b4 Nfd7 12. Qc2 cxb4 13. Rxb4 Nc6 14. Rb2 Qc7 15. Be3 Nce5 16. Nxe5 Bxe5 17. Rb3 Rfc8 18. Ne2 b5 19. Qb1 Bc6 20. cxb5 Bxb5 21. Nd4 Bxd4 22. Bxd4 Rab8 23. Rc3 Qa5 24. Rxc8+ Rxc8 25. Bf1 Qa4 26. Be3 Rc2 27. a3 Rc3 28. Rc1 Qxa3 29. Rxc3 Qxc3 30. d4 Bxf1 31. Kxf1 Qc6 32. Ke1 f5 33. f3 fxe4 34. fxe4 a5 35. Kd2 d5 36. e5 Nb6 37. Bh6 Nc4+ 38. Kd3 Qb6 39. Qa2 Qb5 40. Kc2 a4 41. Bc1 Kg7 42. Qb1 Qxb1+ 43. Kxb1 h6 44. Kc2 g5 45. Kc3 g4 46. Kb4 a3 47. Bxa3 Ne3 48. Bc1 Nf1 49. Kc3 h5 50. Kd3 Nxh2 51. Ke3 Kg6 52. Kf4 Nf3 53. Bb2 Ng5 54. Bc1 Nh3+ 55. Ke3 Kf5 56. Ba3 Ng5 57. Be7 Ne4 58. Bh4 Ng5 59. Kd3 Nf3 60. Bf6 h4 61. gxh4 g3 62. h5 g2 63. h6 Kg6 0-1

[Event "NZL-ch Major op"]
[Site "Auckland"]
[Date "2019.01.15"]
[Round "2"]
[White "Kievelitz, Bernd"]
[Black "Nie, David"]
[Result "1/2-1/2"]
[WhiteElo "1835"]
[BlackElo "1504"]
[PlyCount "68"]
[EventDate "2019.01.14"]
[EventType "swiss"]
[EventRounds "9"]
[EventCountry "NZL"]
[SourceTitle "CBM 189 Extra"]
[Source "ChessBase"]
[SourceDate "2019.06.03"]
[SourceVersion "1"]
[SourceVersionDate "2019.06.03"]
[SourceQuality "1"]

1. Nf3 c5 2. c4 Nc6 3. d4 cxd4 4. Nxd4 e6 5. a3 a6 6. Nc3 Nf6 7. e3 Qc7 8. Bd2 d6 9. Be2 Be7 10. 0-0 Bd7 11. b4 Ne5 12. Rc1 Rc8 13. Na4 0-0 14. Nb2 Qb8 15. Nf3 Nxf3+ 16. Bxf3 Bc6 17. Bxc6 Rxc6 18. f3 b5 19. Qe2 bxc4 20. Rxc4 Qb5 21. a4 Qb7 22. Rfc1 Rfc8 23. Rxc6 Rxc6 24. Rxc6 Qxc6 25. Qc4 Qxc4 26. Nxc4 Nd7 27. b5 axb5 28. axb5 d5 29. Na5 Kf8 30. Nc6 Bc5 31. Kf2 Nb6 32. Bb4 Bxb4 33. Nxb4 Ke7 34. e4 Kd6 1/2-1/2

[Event "NZL-ch Major op"]
[Site "Auckland"]
[Date "2019.01.14"]
[Round "1"]
[White "Deng, Abraham"]
[Black "Kievelitz, Bernd"]
[Result "0-1"]
[WhiteElo "1438"]
[BlackElo "1835"]
[PlyCount "68"]
[EventDate "2019.01.14"]
[EventType "swiss"]
[EventRounds "9"]
[EventCountry "NZL"]
[SourceTitle "CBM 189 Extra"]
[Source "ChessBase"]
[SourceDate "2019.06.03"]
[SourceVersion "1"]
[SourceVersionDate "2019.06.03"]
[SourceQuality "1"]

1. e4 c5 2. c4 e6 3. Nc3 a6 4. g3 d6 5. Bg2 Nf6 6. Nge2 Qc7 7. 0-0 Be7 8. d3 Nc6 9. h3 b6 10. Be3 Bb7 11. f4 0-0 12. d4 cxd4 13. Nxd4 Rac8 14. b3 Nxd4 15. Qxd4 b5 16. Rac1 bxc4 17. Na4 d5 18. Nb6 Rcd8 19. bxc4 dxe4 20. Qb2 Bc5 21. Bxc5 Qxc5+ 22. Kh2 Bc6 23. Qf2 e3 24. Qb2 Bxg2 25. Rg1 Bc6 26. Rc2 Rd2+ 27. Rxd2 exd2 28. Qxd2 Qxb6 29. Rd1 Ne4 30. Qc2 Qc5 31. Rd3 h6 32. a3 Nd6 33. Rc3 Qd4 34. c5 Qd5 0-1

[Event "Berlin Eckbauer op 21st"]
[Site "Berlin"]
[Date "2018.10.15"]
[Round "2"]
[White "Kievelitz, Bernd"]
[Black "Budt, Matthias"]
[Result "0-1"]
[WhiteElo "1832"]
[BlackElo "2188"]
[PlyCount "38"]
[EventDate "2018.10.08"]
[EventType "swiss"]
[EventRounds "7"]
[EventCountry "GER"]
[SourceTitle "CBM 189 Extra"]
[Source "ChessBase"]
[SourceDate "2019.06.03"]
[SourceVersion "1"]
[SourceVersionDate "2019.06.03"]
[SourceQuality "1"]

1. Nf3 Nf6 2. c4 c5 3. d4 cxd4 4. Nxd4 e5 5. Nb5 d5 6. cxd5 Bc5 7. e3 0-0 8. Be2 e4 9. N5c3 Qe7 10. 0-0 Rd8 11. Qc2 Bf5 12. a3 Nbd7 13. b4 Bd6 14. Nb5 Rac8 15. Qb3 Bxh2+ 16. Kxh2 Ng4+ 17. Bxg4 Bxg4 18. Bb2 Qh4+ 19. Kg1 Bf3 0-1

[Event "Sao Martinho do Porto op 1st"]
[Site "Sao Martinho do Porto"]
[Date "2018.09.20"]
[Round "8"]
[White "Kievelitz, Bernd"]
[Black "Dias, Jose Oliveira Gaspa"]
[Result "1-0"]
[WhiteElo "1842"]
[BlackElo "1622"]
[PlyCount "123"]
[EventDate "2018.09.15"]
[EventType "swiss"]
[EventRounds "9"]
[EventCountry "POR"]
[SourceTitle "CBM 186 Extra"]
[Source "ChessBase"]
[SourceDate "2018.08.24"]
[SourceVersion "1"]
[SourceVersionDate "2018.08.24"]
[SourceQuality "1"]

1. Nf3 e6 2. d4 f5 3. c4 c6 4. Nc3 Nf6 5. Bg5 Be7 6. e3 0-0 7. Bd3 Qe8 8. 0-0 d6 9. Qc2 Nbd7 10. e4 fxe4 11. Nxe4 Nxe4 12. Bxe4 g6 13. Bh6 Rf7 14. Rae1 Nf8 15. d5 e5 16. c5 Bf5 17. cxd6 Bxd6 18. dxc6 Rc8 19. Bxf5 Rxf5 20. Qb3+ Qf7 21. Qxf7+ Kxf7 22. cxb7 Rb8 23. Ng5+ Kg8 24. Rd1 Be7 25. Bxf8 Bxg5 26. Ba3 Rxb7 27. Rfe1 h5 28. b3 Rbf7 29. f3 h4 30. Bb2 Bf4 31. Rd6 Kg7 32. Re6 R7f6 33. Bxe5 Rxe5 34. R6xe5 Bxe5 35. Rxe5 Ra6 36. a4 Kf6 37. Re4 g5 38. Kf2 Rb6 39. b4 a6 40. g3 hxg3+ 41. Kxg3 Kf5 42. Rc4 Kg6 43. f4 gxf4+ 44. Rxf4 Re6 45. b5 axb5 46. axb5 Rb6 47. Rb4 Kg5 48. Kf3 Kf5 49. h4 Ke5 50. Kg4 Kf6 51. Kf4 Ke6 52. Ke4 Kd6 53. Kd4 Kc7 54. Rc4+ Kb7 55. Rc5 Rh6 56. h5 Kb8 57. Ke4 Kb7 58. Kf4 Rf6+ 59. Kg5 Rf8 60. h6 Rg8+ 61. Kh5 Kb6 62. Rg5 1-0

[Event "Sao Martinho do Porto op 1st"]
[Site "Sao Martinho do Porto"]
[Date "2018.09.19"]
[Round "7"]
[White "February, Jesse Nikki"]
[Black "Kievelitz, Bernd"]
[Result "1-0"]
[WhiteElo "1933"]
[BlackElo "1842"]
[PlyCount "71"]
[EventDate "2018.09.15"]
[EventType "swiss"]
[EventRounds "9"]
[EventCountry "POR"]
[SourceTitle "CBM 186 Extra"]
[Source "ChessBase"]
[SourceDate "2018.08.24"]
[SourceVersion "1"]
[SourceVersionDate "2018.08.24"]
[SourceQuality "1"]

1. e4 c5 2. Nc3 a6 3. f4 b5 4. g3 Bb7 5. Bg2 e6 6. d3 Nf6 7. Nf3 d5 8. e5 d4 9. Ne2 Nd5 10. 0-0 Be7 11. h3 Nc6 12. c3 dxc3 13. bxc3 0-0 14. g4 c4 15. f5 cxd3 16. Qxd3 Bc5+ 17. Kh1 Ne3 18. Qe4 Na5 19. Qf4 Nxf1 20. f6 Qd3 21. fxg7 Rfd8 22. Ned4 Bxd4 23. cxd4 Qe4 24. Qf6 Rxd4 25. Bh6 Ne3 26. Re1 Qc2 27. Bxe3 Rd1 28. Rxd1 Qxd1+ 29. Kh2 Qe2 30. Bb6 Nc4 31. Kg3 Nxb6 32. Ng5 Qd3+ 33. Kh4 Qg6 34. Bxb7 Qxf6 35. exf6 Rb8 36. Be4 1-0

[Event "Sao Martinho do Porto op 1st"]
[Site "Sao Martinho do Porto"]
[Date "2018.09.15"]
[Round "2"]
[White "Schmitz, Andreas Arnold"]
[Black "Kievelitz, Bernd"]
[Result "1-0"]
[WhiteElo "2008"]
[BlackElo "1842"]
[PlyCount "71"]
[EventDate "2018.09.15"]
[EventType "swiss"]
[EventRounds "9"]
[EventCountry "POR"]
[SourceTitle "CBM 186 Extra"]
[Source "ChessBase"]
[SourceDate "2018.08.24"]
[SourceVersion "1"]
[SourceVersionDate "2018.08.24"]
[SourceQuality "1"]

1. e4 c5 2. c3 Nf6 3. e5 Nd5 4. d4 cxd4 5. cxd4 e6 6. Nc3 Nxc3 7. bxc3 Qc7 8. Bd2 b6 9. Be2 Bb7 10. Bf3 Nc6 11. Ne2 Na5 12. Bxb7 Qxb7 13. 0-0 Nc4 14. f4 Nxd2 15. Qxd2 Be7 16. f5 exf5 17. Rxf5 0-0 18. Raf1 f6 19. exf6 Rxf6 20. Rxf6 Bxf6 21. Ng3 Rf8 22. Qe2 Qc6 23. Ne4 Be7 24. Rxf8+ Kxf8 25. Qd3 Qe6 26. d5 Bc5+ 27. Kf1 Qh6 28. Nxc5 bxc5 29. Qf5+ Qf6 30. Qxf6+ gxf6 31. Ke2 Ke7 32. Ke3 f5 33. Kf4 Kf6 34. h4 h5 35. d6 Ke6 36. c4 1-0

[Event "Berlin Lichtenberger op 17th"]
[Site "Berlin"]
[Date "2018.08.25"]
[Round "8"]
[White "Kievelitz, Bernd"]
[Black "Schulz Runge, Michael"]
[Result "1/2-1/2"]
[WhiteElo "1868"]
[BlackElo "1758"]
[PlyCount "109"]
[EventDate "2018.08.18"]
[EventType "swiss"]
[EventRounds "9"]
[EventCountry "GER"]
[SourceTitle "CBM 186 Extra"]
[Source "ChessBase"]
[SourceDate "2018.08.24"]
[SourceVersion "1"]
[SourceVersionDate "2018.08.24"]
[SourceQuality "1"]

1. Nf3 d5 2. d4 Nf6 3. c4 e6 4. Nc3 c6 5. Qb3 Be7 6. g3 0-0 7. Bg2 Nbd7 8. 0-0 Nb6 9. cxd5 exd5 10. Ne5 Ng4 11. Nxg4 Bxg4 12. a4 Qc8 13. a5 Nc4 14. e4 Nd6 15. exd5 Bh3 16. dxc6 Bxg2 17. Kxg2 bxc6 18. Bf4 Rb8 19. Qc2 Rb4 20. Ra4 Qb7 21. Rxb4 Qxb4 22. Bxd6 Qxd6 23. Re1 Bd8 24. Qa4 h5 25. h4 Be7 26. Qc4 Rb8 27. Qe2 Bf6 28. Qxh5 Qxd4 29. Re2 Qd7 30. Qc5 Rd8 31. Ne4 Be7 32. Qe3 Qc7 33. Nc5 Bf8 34. b4 Qd6 35. Qf3 Rb8 36. Qe4 Qd5 37. Qxd5 cxd5 38. Nd7 Rd8 39. Nxf8 Kxf8 40. Kf3 Rb8 41. Rb2 Rb5 42. Ke3 Ke7 43. g4 Ke6 44. Kd4 Kd6 45. f4 a6 46. h5 Rb8 47. g5 Re8 48. b5 Re4+ 49. Kd3 axb5 50. Rxb5 Rxf4 51. a6 Ra4 52. Rb7 Ra3+ 53. Kc2 Ke6 54. a7 Kf5 55. Rxf7+ 1/2-1/2

[Event "Berlin-ch QT"]
[Site "Berlin"]
[Date "2018.04.08"]
[Round "9"]
[White "Kievelitz, Bernd"]
[Black "Schmidt, Florian Pascal"]
[Result "1/2-1/2"]
[WhiteElo "1926"]
[BlackElo "1583"]
[PlyCount "46"]
[EventDate "2018.03.31"]
[EventType "swiss"]
[EventRounds "9"]
[EventCountry "GER"]
[SourceTitle "EXT 2020"]
[Source "ChessBase"]
[SourceDate "2019.10.17"]
[SourceVersion "1"]
[SourceVersionDate "2019.10.17"]
[SourceQuality "1"]

1. Nf3 Nf6 2. c4 g6 3. Nc3 Bg7 4. e4 c5 5. d4 cxd4 6. Nxd4 d6 7. Be2 0-0 8. Be3 Bd7 9. 0-0 Nc6 10. Rc1 Rc8 11. f3 a6 12. Nb3 Ne5 13. Nd5 Nxd5 14. exd5 Ba4 15. Qd2 Bxb3 16. axb3 Nd7 17. b4 Qc7 18. b3 b6 19. f4 a5 20. f5 axb4 21. fxg6 hxg6 22. Qxb4 Nc5 23. Rb1 Ra8 1/2-1/2

[Event "Berlin-ch QT"]
[Site "Berlin"]
[Date "2018.04.01"]
[Round "2"]
[White "Mueller, Johannes1111"]
[Black "Kievelitz, Bernd"]
[Result "1/2-1/2"]
[WhiteElo "1776"]
[BlackElo "1926"]
[PlyCount "108"]
[EventDate "2018.03.31"]
[EventType "swiss"]
[EventRounds "9"]
[EventCountry "GER"]
[SourceTitle "EXT 2020"]
[Source "ChessBase"]
[SourceDate "2019.10.17"]
[SourceVersion "1"]
[SourceVersionDate "2019.10.17"]
[SourceQuality "1"]

1. e4 c5 2. Nc3 a6 3. a4 e6 4. Bc4 Qc7 5. d3 d6 6. f4 Nf6 7. Nf3 Nc6 8. 0-0 Be7 9. Qe1 Nd4 10. Nxd4 cxd4 11. Ne2 e5 12. f5 Bd7 13. h3 Bc6 14. g4 d5 15. exd5 Nxd5 16. Ng3 0-0-0 17. Ne4 h6 18. Bd2 Kb8 19. b4 Ne3 20. Bxe3 dxe3 21. Qxe3 Bxe4 22. Qxe4 Rd4 23. Qg2 Rhd8 24. a5 e4 25. Rab1 exd3 26. cxd3 b5 27. axb6 Qxb6 28. Kh1 Bxb4 29. Rb2 a5 30. Re1 Qf6 31. Rxb4+ axb4 32. Ra1 R4d5 33. Rb1 Qd4 34. Rxb4+ Kc7 35. Qd2 Qe4+ 36. dxe4 Rxd2 37. Bd5 Kd6 38. Bxf7 Ra8 39. Rb1 Ra3 40. Re1 Rxh3+ 41. Kg1 Rg3+ 42. Kh1 Rxg4 43. e5+ Ke7 44. Bg6 Rgd4 45. Re3 Ra4 46. Re1 Raa2 47. Rb1 Rh2+ 48. Kg1 Rag2+ 49. Kf1 Rh1+ 50. Kxg2 Rxb1 51. Kg3 Rh1 52. Kg4 Rh2 53. Bh5 Rg2+ 54. Kf4 Rf2+ 1/2-1/2

[Event "Leipzig VfB op 25th"]
[Site "Leipzig"]
[Date "2018.03.24"]
[Round "7"]
[White "Bender, Sebastian1111"]
[Black "Kievelitz, Bernd"]
[Result "1-0"]
[WhiteElo "1881"]
[BlackElo "1926"]
[PlyCount "29"]
[EventDate "2018.03.20"]
[EventType "swiss"]
[EventRounds "9"]
[EventCountry "GER"]
[SourceTitle "CBM 183 Extra"]
[Source "ChessBase"]
[SourceDate "2018.04.19"]
[SourceVersion "1"]
[SourceVersionDate "2018.04.19"]
[SourceQuality "1"]

1. e4 c5 2. c3 Nf6 3. e5 Nd5 4. d4 cxd4 5. cxd4 e6 6. Nf3 b6 7. Nc3 Nxc3 8. bxc3 Qc7 9. Bd2 d6 10. Bd3 Bb7 11. 0-0 Nd7 12. Ng5 dxe5 13. Qh5 Nf6 14. Bb5+ Kd8 15. Qxf7 1-0

[Event "Leipzig VfB op 25th"]
[Site "Leipzig"]
[Date "2018.03.20"]
[Round "1"]
[White "Kievelitz, Bernd"]
[Black "Voland, Rolf"]
[Result "1/2-1/2"]
[WhiteElo "1926"]
[BlackElo "1497"]
[PlyCount "93"]
[EventDate "2018.03.20"]
[EventType "swiss"]
[EventRounds "9"]
[EventCountry "GER"]
[SourceTitle "CBM 183 Extra"]
[Source "ChessBase"]
[SourceDate "2018.04.19"]
[SourceVersion "1"]
[SourceVersionDate "2018.04.19"]
[SourceQuality "1"]

1. Nf3 Nf6 2. c4 e6 3. Nc3 d5 4. d4 c6 5. Qb3 Be7 6. Bg5 0-0 7. e3 Nbd7 8. Rc1 h6 9. Bxf6 Nxf6 10. Bd3 Rb8 11. 0-0 Bd7 12. Ne5 Be8 13. Bb1 Nd7 14. Qc2 f5 15. f4 Nxe5 16. dxe5 Bc5 17. Nd1 Bb6 18. c5 Bc7 19. b4 a6 20. Nc3 Qe7 21. Ne2 g6 22. Nd4 Bd7 23. Qe2 Rbc8 24. Bd3 Be8 25. Kh1 Bf7 26. a4 Bb8 27. Rc2 Kg7 28. Rfc1 Ba7 29. Nb3 Be8 30. h3 h5 31. Nd4 Bb8 32. b5 a5 33. b6 g5 34. Nf3 g4 35. Ng5 Bxe5 36. h4 Bf6 37. Qd2 Bxg5 38. fxg5 Ra8 39. Qc3+ e5 40. g3 Bg6 41. Rf2 Kh7 42. Rcf1 e4 43. Bc2 Qg7 44. Qxg7+ Kxg7 45. Rd1 Rad8 46. Rd4 Rf7 47. Rf4 1/2-1/2